[Event "Rated Blitz game"]
[Site "?"]
[Date "2021.10.27"]
[Round "?"]
[White "walaasarwat"]
[Black "ibrahim_karpove2711"]
[Result "1-0"]
[WhiteElo "2407"]
[BlackElo "2342"]
[PlyCount "71"]
[EventDate "2021.??.??"]
[EventType "blitz"]

1. e4 e5 2. Nf3 d5 3. exd5 e4 4. Qe2 f5 5. d3 Nf6 6. dxe4 fxe4 7. Bg5 Bb4+ 8.
c3 O-O 9. Bxf6 Qxf6 10. Qxe4 Bd6 11. Nbd2 Bf5 12. Qd4 Qf7 13. O-O-O Nd7 14. Bd3
Bc5 15. Bxf5 Qxf5 16. Qc4 b5 17. Qxb5 Rab8 18. Qc6 Rb6 19. Qxc7 Rfb8 20. Nb3
Bd6 21. Qc4 Bf4+ 22. Nfd2 Ne5 23. g4 Qg6 24. Qe2 Nd3+ 25. Kb1 Nxf2+ 26. Ka1
Nxh1 27. Rxh1 Bxd2 28. Qxd2 Ra6 29. Nd4 Rbb6 30. Nf5 Qe8 31. Re1 Qa4 32. b4 h6
33. d6 Qd7 34. Re7 Qb5 35. Rxg7+ Kh8 36. Qxh6# {Normal} 1-0

[Event "Rated Blitz game"]
[Site "?"]
[Date "2021.10.27"]
[Round "?"]
[White "TheSuperTramp"]
[Black "larsental3"]
[Result "1/2-1/2"]
[WhiteElo "2286"]
[BlackElo "2408"]
[PlyCount "168"]
[EventDate "2021.??.??"]
[EventType "blitz"]

1. e4 e5 2. Nf3 d5 3. Nxe5 Bd6 4. Ng4 dxe4 5. d4 f5 6. Ne3 f4 7. Nd5 e3 8. Qf3
exf2+ 9. Qxf2 Nf6 10. Bc4 Nxd5 11. Bxd5 Bb4+ 12. c3 Qxd5 13. cxb4 O-O 14. O-O
Nc6 15. Nc3 Qxd4 16. Qxd4 Nxd4 17. Bxf4 Nc2 18. Rac1 Nxb4 19. Bxc7 Bd7 20.
Rxf8+ Rxf8 21. Bd6 Nd3 22. Rd1 Nxb2 23. Rd2 Rc8 24. Rxb2 Rxc3 25. Rxb7 Rc1+ 26.
Kf2 Rc2+ 27. Kg1 Rxg2+ 28. Kxg2 Bc6+ 29. Kg3 Bxb7 30. a3 Kf7 31. Kf4 Ke6 32.
Bf8 g6 33. h4 Bd5 34. Bb4 Bb3 35. Kg5 Bc2 36. Kh6 Kf7 37. Bc5 a6 38. Bb4 Ke6
39. Bc5 Kd5 40. Bb4 Kc4 41. Bd2 Kb3 42. Bb4 Kc4 43. Bf8 Kd5 44. Be7 Ke5 45. Bg5
Kd5 46. Kxh7 Kc4 47. Kg7 Kb3 48. Be7 a5 49. Kf6 a4 50. Kg5 Kc4 51. Bf8 Kd5 52.
Bb4 Ke6 53. Bf8 Kf7 54. Bb4 Kg8 55. Bc5 Kh7 56. Bb4 Kg8 57. Bc5 Kf7 58. Bb4 Ke6
59. Bf8 Kd5 60. Bb4 Ke4 61. h5 Kf3 62. hxg6 Bb3 63. Kh6 Ke4 64. Kg7 Kf5 65. Kh7
Kf6 66. Bc3+ Ke6 67. g7 Kf5 68. Kh6 Ke4 69. Bb4 Kd3 70. Kg6 Kc4 71. Kf6 Kb5 72.
Ke7 Ka6 73. Kf8 Ka7 74. Ke7 Ka8 75. Kd6 Ka7 76. Kc5 Ka6 77. Kc6 Bc4 78. Kc5 Bb3
79. Kd6 Bg8 80. Ke5 Bb3 81. Kf6 Bg8 82. Ke7 Bb3 83. Kf8 Bc4 84. Ke7 Bb3 {Normal
} 1/2-1/2

[Event "Rated Blitz game"]
[Site "?"]
[Date "2021.10.27"]
[Round "?"]
[White "CarlnDaluz2"]
[Black "DOOGE228"]
[Result "0-1"]
[WhiteElo "2433"]
[BlackElo "2436"]
[PlyCount "146"]
[EventDate "2021.??.??"]
[EventType "blitz"]

1. e4 e5 2. Nf3 d5 3. Nc3 dxe4 4. Nxe4 f5 5. Nc3 e4 6. Ng1 Nf6 7. d3 Nc6 8. Be3
Bb4 9. dxe4 Qxd1+ 10. Rxd1 Nxe4 11. Nge2 Bd7 12. a3 Bxc3+ 13. Nxc3 Nxc3 14.
bxc3 O-O-O 15. Bc4 Rde8 16. O-O a6 17. Rd2 Be6 18. Be2 Rd8 19. Rfd1 Rxd2 20.
Rxd2 Re8 21. g3 Ne5 22. h4 Bc4 23. Bd1 g6 24. Bf4 Nc6 25. Bf3 Re1+ 26. Kh2 Ne5
27. Bxe5 Rxe5 28. Rd4 Be6 29. Rd1 Ra5 30. Re1 Bd5 31. Re8+ Kd7 32. Re3 Bxf3 33.
Rxf3 Rxa3 34. h5 a5 35. hxg6 hxg6 36. Kh3 Ra4 37. Rd3+ Ke6 38. Rd8 Rc4 39. Ra8
b6 40. Re8+ Kf6 41. Re3 a4 42. Kg2 a3 43. Re1 Rxc3 44. Ra1 b5 45. Kf1 b4 46.
Ra2 Ke5 47. Ke2 Kd4 48. Kd2 Kc4 49. Ra1 c5 50. Rh1 g5 51. Re1 Rf3 52. Ke2 g4
53. Rb1 Kb5 54. Ra1 Ka4 55. Rb1 c4 56. Ra1 b3 57. cxb3+ cxb3 58. Ke1 b2 59. Rd1
Rc3 60. Ke2 Rc1 61. Rd4+ Kb5 62. Rd8 Rc6 63. Rb8+ Rb6 64. Ra8 b1=Q 65. Rxa3
Qb2+ 66. Ke3 Qxa3+ 67. Kf4 Qf3+ 68. Kg5 Qxf2 69. Kh4 f4 70. Kg5 fxg3 71. Kh5
Qf5+ 72. Kh4 Rh6+ 73. Kxg3 Qf3# {Normal} 0-1

[Event "Rated Blitz game"]
[Site "?"]
[Date "2021.10.27"]
[Round "?"]
[White "Buscapina"]
[Black "khalid_ontawar"]
[Result "0-1"]
[WhiteElo "2615"]
[BlackElo "2442"]
[PlyCount "96"]
[EventDate "2021.??.??"]
[EventType "blitz"]

1. e4 e5 2. Nf3 d5 3. d4 dxe4 4. Nxe5 Be6 5. Nc3 Nf6 6. Bg5 Be7 7. Be2 Nbd7 8.
Nxd7 Qxd7 9. O-O Bf5 10. d5 Nxd5 11. Qxd5 Bxg5 12. Qe5+ Qe6 13. Qxc7 O-O 14.
Rad1 b6 15. Bc4 Qg6 16. Bd5 Rab8 17. Qg3 Qh6 18. Ne2 Rbe8 19. h3 Bf6 20. Nd4
Bg6 21. c3 Re5 22. Nc6 Rg5 23. Qe3 Bf5 24. Kh1 Qg6 25. Rg1 Rh5 26. Rde1 Bg5 27.
Qg3 Qh6 28. Bxe4 Bf4 29. Qf3 Bxh3 30. gxh3 Rxh3+ 31. Kg2 Rxf3 32. Kxf3 Qf6 33.
Rh1 Bd2+ 34. Kg2 g6 35. Re2 Bf4 36. Bf3 Kg7 37. Kf1 Bg5 38. Rh3 h5 39. Kg2 Bf4
40. Be4 Qg5+ 41. Kf1 Rc8 42. Rf3 Rxc6 43. Bxc6 Qg4 44. Re7 g5 45. Bd5 Qh4 46.
Rxf7+ Kg6 47. Ke2 Qg4 48. Be4+ Kxf7 {Time forfeit} 0-1

[Event "Rated Blitz game"]
[Site "?"]
[Date "2021.10.27"]
[Round "?"]
[White "Kingethree"]
[Black "batasjon"]
[Result "0-1"]
[WhiteElo "2408"]
[BlackElo "2477"]
[PlyCount "52"]
[EventDate "2021.??.??"]
[EventType "blitz"]

1. e4 e5 2. Nf3 d5 3. Bc4 dxc4 4. Nxe5 Qd4 5. Nf3 Qxe4+ 6. Kf1 Bg4 7. Nc3 Bxf3
8. gxf3 Qe6 9. d4 Nf6 10. Kg2 Be7 11. Re1 Qd7 12. Bg5 O-O 13. Qd2 Nc6 14. Rad1
Rfe8 15. d5 Nb4 16. a3 Na6 17. Qf4 Bd6 18. Qh4 Qf5 19. Bxf6 Qxf6 20. Qxf6 gxf6
21. Ne4 Kg7 22. f4 f5 23. Ng3 Kg6 24. Kf3 Nc5 25. Rg1 Rg8 26. Nxf5+ Kxf5 {
Normal} 0-1

[Event "Rated Blitz game"]
[Site "?"]
[Date "2021.10.27"]
[Round "?"]
[White "ajbaba"]
[Black "Annali-annaliew1979"]
[Result "0-1"]
[WhiteElo "2322"]
[BlackElo "2486"]
[PlyCount "54"]
[EventDate "2021.??.??"]
[EventType "blitz"]

1. e4 e5 2. Nf3 d5 3. d4 dxe4 4. Nxe5 Bd6 5. Nc4 Nf6 6. Nc3 h6 7. f3 exf3 8.
Qxf3 O-O 9. Be2 Nc6 10. Be3 Bg4 11. Qf2 Bxe2 12. Qxe2 Re8 13. O-O-O b5 14. Nxd6
Qxd6 15. Rhf1 b4 16. Na4 Nd5 17. Rf3 Qe6 18. Re1 Nxd4 19. Bxd4 Qxe2 20. Rxe2
Rxe2 21. Nc5 Rxg2 22. Rf5 c6 23. b3 Re8 24. Nd3 a5 25. Nf4 Nxf4 26. Rxf4 Re1+
27. Kb2 Ree2 {Normal} 0-1

[Event "Rated Blitz game"]
[Site "?"]
[Date "2021.10.27"]
[Round "?"]
[White "VardanyanHayk"]
[Black "Annali-annaliew1979"]
[Result "1-0"]
[WhiteElo "2523"]
[BlackElo "2505"]
[PlyCount "69"]
[EventDate "2021.??.??"]
[EventType "blitz"]

1. e4 e5 2. Nf3 d5 3. exd5 e4 4. Nd4 c5 5. Ne2 f5 6. Nbc3 Nf6 7. d3 Bd6 8. dxe4
fxe4 9. Be3 O-O 10. h3 Bf5 11. Qd2 Nbd7 12. g4 Bg6 13. Bg2 a6 14. O-O-O b5 15.
Nf4 b4 16. Nce2 Qa5 17. Kb1 Bf7 18. g5 Nh5 19. Bxe4 Rfe8 20. Bf5 Ne5 21. b3 c4
22. Bg4 Nf3 23. Bxf3 Nxf4 24. Nxf4 c3 25. Qc1 Rf8 26. Be4 Rae8 27. Ne6 Bxe6 28.
dxe6 Be7 29. Rd7 Qe5 30. a4 Kh8 31. Bd5 Rxf2 32. Bxf2 Bxg5 33. Qd1 Bf6 34. Re1
Qf4 35. Bc5 {Time forfeit} 1-0

[Event "Rated Blitz game"]
[Site "?"]
[Date "2021.10.27"]
[Round "?"]
[White "NearSMA"]
[Black "King_bg03"]
[Result "1-0"]
[WhiteElo "2535"]
[BlackElo "2569"]
[PlyCount "41"]
[EventDate "2021.??.??"]
[EventType "blitz"]

1. e4 e5 2. Nf3 d5 3. Nc3 dxe4 4. Nxe4 f5 5. Nc3 e4 6. Ng1 Nf6 7. Bc4 Bc5 8.
Nge2 Ng4 9. Nf4 Bxf2+ 10. Kf1 Bb6 11. Ncd5 Qh4 12. g3 Qh6 13. d4 g5 14. Ng2
Nxh2+ 15. Kg1 Nf3+ 16. Kf2 Bxd4+ 17. Qxd4 Qxh1 18. Qxh8+ Kd7 19. Qg7+ Kd6 20.
Qxc7+ Ke6 21. Qe7# {Normal} 1-0

[Event "Rated Blitz game"]
[Site "?"]
[Date "2021.10.27"]
[Round "?"]
[White "gmoneday"]
[Black "kamaio"]
[Result "1-0"]
[WhiteElo "2478"]
[BlackElo "2325"]
[PlyCount "47"]
[EventDate "2021.??.??"]
[EventType "blitz"]

1. e4 e5 2. Nf3 d5 3. exd5 e4 4. Qe2 Nf6 5. d3 Qxd5 6. dxe4 Qxe4 7. Nc3 Bb4 8.
Bd2 Qxe2+ 9. Bxe2 Bf5 10. O-O-O Nc6 11. Nh4 Be6 12. Bf3 O-O-O 13. a3 Bc5 14.
Rhf1 Nd4 15. b4 Nxf3 16. Nxf3 Be7 17. h3 a5 18. Nb5 axb4 19. Bxb4 Bxb4 20. axb4
Nd5 21. Rd4 c6 22. Na3 Nc3 23. Kb2 Na4+ 24. Kc1 {Time forfeit} 1-0

[Event "Rated Blitz game"]
[Site "?"]
[Date "2021.10.27"]
[Round "?"]
[White "Khalilmousavii"]
[Black "tactinhos2900"]
[Result "1-0"]
[WhiteElo "2721"]
[BlackElo "2629"]
[PlyCount "65"]
[EventDate "2021.??.??"]
[EventType "blitz"]

1. e4 e5 2. Nf3 d5 3. Nxe5 Bd6 4. d4 dxe4 5. Bc4 Bxe5 6. dxe5 Qxd1+ 7. Kxd1 Nc6
8. Re1 Bf5 9. Bf4 Nge7 10. Nc3 Ng6 11. Bg3 Ngxe5 12. Bd5 O-O-O 13. Kc1 Rhe8 14.
b3 Nd4 15. Bxe4 Bxe4 16. Rxe4 Nec6 17. Rxe8 Rxe8 18. Kb2 g5 19. Rd1 f5 20. f3
f4 21. Bf2 Nf5 22. Rd5 Nce7 23. Re5 Rd8 24. Ne4 h6 25. Bc5 Rd7 26. Nf6 b6 27.
Nxd7 Kxd7 28. Bxe7 Nxe7 29. Kc3 Kd6 30. Re1 Nd5+ 31. Kd2 c5 32. Re8 Ne3 33.
Rxe3 {Normal} 1-0

[Event "Rated Blitz game"]
[Site "?"]
[Date "2021.10.27"]
[Round "?"]
[White "Raspje"]
[Black "Razario90"]
[Result "0-1"]
[WhiteElo "2451"]
[BlackElo "2399"]
[PlyCount "118"]
[EventDate "2021.??.??"]
[EventType "blitz"]

1. e4 e5 2. Nf3 d5 3. exd5 e4 4. Qe2 Nf6 5. Nc3 Be7 6. Nxe4 O-O 7. d3 Re8 8.
Be3 Nxd5 9. O-O-O f5 10. Nc5 Bxc5 11. d4 Bf8 12. Qc4 Kh8 13. Qb3 Nxe3 14. fxe3
Nc6 15. h4 Qe7 16. Ng5 Qxe3+ 17. Qxe3 Rxe3 18. Bc4 h6 19. Nf7+ Kh7 20. Rhe1
Rxe1 21. Rxe1 Bd7 22. Ne5 Nxe5 23. dxe5 Be7 24. g3 Rd8 25. e6 Bc6 26. Bd3 g6
27. h5 Kg7 28. hxg6 Kxg6 29. g4 Be4 30. gxf5+ Bxf5 31. Bc4 Kf6 32. Bb3 Rd6 33.
Rf1 Rxe6 34. Bxe6 Kxe6 35. Re1+ Kf6 36. Rh1 Kg6 37. Kd2 h5 38. Kc3 h4 39. Kd4
Bf6+ 40. Ke3 h3 41. Kf4 Bg5+ 42. Kg3 Be7 43. c3 Bd6+ 44. Kf2 h2 45. Re1 Be4 46.
Rxe4 h1=Q 47. Rg4+ Kf5 48. Rd4 Qh2+ 49. Ke3 Bc5 50. Kd3 Bxd4 51. Kxd4 Qxb2 52.
Kc4 Qxa2+ 53. Kd3 Qb3 54. Kd2 a5 55. Kd3 a4 56. Kd4 a3 57. Kc5 a2 58. Kd4 a1=Q
59. Kc5 Qaxc3# {Normal} 0-1

[Event "Rated Blitz game"]
[Site "?"]
[Date "2021.10.27"]
[Round "?"]
[White "Udemzo"]
[Black "RCompany_1"]
[Result "1-0"]
[WhiteElo "2501"]
[BlackElo "2403"]
[PlyCount "89"]
[EventDate "2021.??.??"]
[EventType "blitz"]

1. e4 e5 2. Nf3 d5 3. exd5 e4 4. Qe2 Nf6 5. d3 Qxd5 6. Nbd2 Nc6 7. Nxe4 Be6 8.
Nc3 Qd7 9. Ng5 O-O-O 10. Nxe6 Re8 11. Be3 Rxe6 12. O-O-O Bb4 13. Ne4 Nd4 14.
Bxd4 Qxd4 15. c3 Qd5 16. cxb4 Qxa2 17. Nc3 Qa1+ 18. Kc2 Rxe2+ 19. Bxe2 Qa6 20.
d4 Qb6 21. b5 Rd8 22. d5 Qc5 23. Bf3 Qxf2+ 24. Rd2 Qc5 25. Re1 Re8 26. Red1 Rd8
27. Re1 Ne8 28. b3 Nd6 29. Be2 Re8 30. Bg4+ Kd8 31. Rxe8+ Kxe8 32. Be2 f5 33.
h3 g6 34. Kb2 Qe3 35. Rc2 Kf7 36. Bf3 Kf6 37. Re2 Qd4 38. Kc2 Qc5 39. Re6+ Kf7
40. Be2 Ne4 41. Bc4 Qf2+ 42. Ne2 Qe3 43. d6 Qd2+ 44. Kb1 Nxd6 45. Rxd6+ {Normal
} 1-0

[Event "Rated Blitz game"]
[Site "?"]
[Date "2021.10.27"]
[Round "?"]
[White "khurel_3030"]
[Black "GrandeGila"]
[Result "0-1"]
[WhiteElo "2344"]
[BlackElo "2523"]
[PlyCount "62"]
[EventDate "2021.??.??"]
[EventType "blitz"]

1. e4 e5 2. Nf3 d5 3. exd5 e4 4. Qe2 Nf6 5. Nc3 Be7 6. Nxe4 Nxd5 7. d3 O-O 8.
Bd2 Nc6 9. O-O-O Bg4 10. Nc3 Re8 11. Qe4 Nxc3 12. Bxc3 Bh5 13. Qf4 h6 14. Qg3
Bg6 15. Qg4 b5 16. Nd4 Ne5 17. Qg3 b4 18. Ne6 Bg5+ 19. f4 Rxe6 20. Bxe5 Rxe5
21. fxg5 Rxg5 22. Qf3 Bh5 23. Qf2 Bxd1 24. Kxd1 Qd5 25. b3 a5 26. Rg1 a4 27.
Kd2 axb3 28. axb3 Ra2 29. d4 Qxb3 30. Bd3 Qc3+ 31. Ke3 Rg6 {Normal} 0-1

[Event "Rated Blitz game"]
[Site "?"]
[Date "2021.10.27"]
[Round "?"]
[White "NoFlightZone"]
[Black "RCompany_1"]
[Result "0-1"]
[WhiteElo "2485"]
[BlackElo "2405"]
[PlyCount "52"]
[EventDate "2021.??.??"]
[EventType "blitz"]

1. e4 e5 2. Nf3 d5 3. exd5 e4 4. Qe2 Nf6 5. Nc3 Be7 6. Nxe4 Nxd5 7. d4 O-O 8.
Bd2 Re8 9. c4 Nb4 10. Be3 Bf8 11. a3 Rxe4 12. axb4 Bxb4+ 13. Nd2 Nc6 14. d5 Bg4
15. Qd3 Qe7 16. dxc6 Rd8 17. cxb7 Rxd3 18. Bxd3 Rxe3+ 19. Kf1 Qd8 20. fxe3
Qxd3+ 21. Kf2 Qxd2+ 22. Kg3 Bd6+ 23. Kxg4 Qxg2+ 24. Kf5 Qf3+ 25. Kg5 h6+ 26.
Kh4 Be7# {Normal} 0-1

[Event "Rated Blitz game"]
[Site "?"]
[Date "2021.10.27"]
[Round "?"]
[White "papo4ka20100"]
[Black "King_bg03"]
[Result "0-1"]
[WhiteElo "2519"]
[BlackElo "2572"]
[PlyCount "88"]
[EventDate "2021.??.??"]
[EventType "blitz"]

1. e4 e5 2. Nf3 d5 3. Nxe5 Bd6 4. d4 dxe4 5. Nc4 Nf6 6. Be2 O-O 7. Be3 Nd5 8.
Nxd6 Qxd6 9. Qd2 Nxe3 10. fxe3 Nc6 11. Nc3 f5 12. O-O-O a6 13. g4 fxg4 14. Nxe4
Qe6 15. Nc3 Nb4 16. d5 Qe5 17. a3 a5 18. axb4 axb4 19. Nb1 b3 20. cxb3 Ra1 21.
Qd4 Qxd4 22. Rxd4 Rf2 23. Rd2 Bf5 24. Bd3 Bxd3 25. Rxd3 h5 26. e4 Re2 27. Rd4
h4 28. Rg1 Rxh2 29. e5 g3 30. e6 g2 31. Rdd1 h3 32. Rde1 Ra8 33. Kd2 Rf8 34.
Ke3 Rf5 35. Ke4 g6 36. Nc3 Rf2 37. Ne2 Rh1 38. Rxh1 Rxe2+ 39. Kd4 gxh1=Q 40.
Rxh1 Rd2+ 41. Ke5 Kg7 42. Rxh3 Re2+ 43. Kd4 Rxb2 44. Ke5 Rd2 {Time forfeit} 0-1

[Event "Rated Blitz game"]
[Site "?"]
[Date "2021.10.27"]
[Round "?"]
[White "IlyaZarezenko"]
[Black "Schachelite"]
[Result "1-0"]
[WhiteElo "2446"]
[BlackElo "2452"]
[PlyCount "63"]
[EventDate "2021.??.??"]
[EventType "blitz"]

1. e4 e5 2. Nf3 d5 3. d4 dxe4 4. Nxe5 Bd6 5. Bf4 Nf6 6. Bb5+ Nbd7 7. O-O O-O 8.
Nc3 Qe7 9. Bxd7 Bxd7 10. Re1 Bf5 11. f3 exf3 12. Qxf3 Qd8 13. Bg5 Bxc2 14. Nd5
Bxe5 15. Rxe5 Be4 16. Rxe4 Qxd5 17. Bxf6 Qc6 18. Rg4 g6 19. Qxc6 bxc6 20. Rc1
Rab8 21. b3 Rb6 22. Re4 c5 23. Be7 Re8 24. Rxc5 c6 25. Rce5 f5 26. Re2 Ra6 27.
Bc5 Rxe5 28. dxe5 Kf7 29. e6+ Ke8 30. e7 Ra5 31. b4 Rxa2 32. Rxa2 {Normal} 1-0

[Event "Rated Blitz tournament FmASe0M3"]
[Site "?"]
[Date "2021.10.27"]
[Round "?"]
[White "achmad21"]
[Black "daelovaaa"]
[Result "0-1"]
[WhiteElo "2262"]
[BlackElo "2490"]
[PlyCount "64"]
[EventDate "2021.??.??"]
[EventType "blitz"]

1. e4 e5 2. Nf3 d5 3. exd5 e4 4. Nd4 Qxd5 5. Nb3 Nf6 6. Be2 Bd6 7. Nc3 Qe5 8.
d4 exd3 9. Qxd3 O-O 10. g3 Nc6 11. Bf4 Qe7 12. a3 Bxf4 13. gxf4 Rd8 14. Qc4 Be6
15. Qb5 Bxb3 16. cxb3 Nd4 17. Qd3 Nxb3 18. Qb1 Nxa1 19. Qxa1 Ne4 20. Rg1 Nxc3
21. bxc3 Re8 22. Qd1 Rad8 23. Qc2 Qxa3 24. f3 Qc5 25. Rg2 Qe3 26. c4 a5 27. Qb2
f6 28. c5 a4 29. Qxf6 Qd2+ 30. Kf1 Qxe2+ 31. Rxe2 gxf6 32. Rg2+ Kf7 {Time
forfeit} 0-1

[Event "Rated Blitz game"]
[Site "?"]
[Date "2021.10.27"]
[Round "?"]
[White "Son_Goku7"]
[Black "Taabling"]
[Result "0-1"]
[WhiteElo "2502"]
[BlackElo "2513"]
[PlyCount "50"]
[EventDate "2021.??.??"]
[EventType "blitz"]

1. e4 e5 2. Nf3 d5 3. Nxe5 Bd6 4. d4 dxe4 5. Nc4 Nf6 6. Nxd6+ Qxd6 7. c4 Nc6 8.
d5 Ne5 9. Nc3 O-O 10. h3 Re8 11. Be3 Bf5 12. Qd4 b6 13. O-O-O Bg6 14. Nb5 Qd7
15. Bf4 Nd3+ 16. Bxd3 exd3 17. Nxc7 Re4 18. Qc3 Rc8 19. Bg3 Rxc7 20. Bxc7 Qxc7
21. b3 Re2 22. Rd2 Nxd5 23. Rxe2 dxe2 24. Qd2 Qe5 25. Qxd5 Qc3# {Normal} 0-1

[Event "Rated Blitz game"]
[Site "?"]
[Date "2021.10.27"]
[Round "?"]
[White "ARDosina"]
[Black "Pepiton61"]
[Result "1-0"]
[WhiteElo "2494"]
[BlackElo "2415"]
[PlyCount "71"]
[EventDate "2021.??.??"]
[EventType "blitz"]

1. e4 e5 2. Nf3 d5 3. Nxe5 Bd6 4. d4 dxe4 5. Nc4 Nc6 6. Nc3 Nf6 7. Be2 h6 8.
Be3 O-O 9. Nxd6 Qxd6 10. g4 Re8 11. h4 Nd5 12. Nxd5 Qxd5 13. g5 hxg5 14. hxg5
Bf5 15. Qd2 Rad8 16. c4 Qa5 17. Qxa5 Nxa5 18. O-O-O Nc6 19. Kc2 Nb4+ 20. Kc3
Nd3 21. b4 a5 22. a3 axb4+ 23. axb4 Ra8 24. Ra1 b6 25. b5 f6 26. gxf6 gxf6 27.
d5 Rxa1 28. Rxa1 Re7 29. Ra7 Kf7 30. Kd2 Ne5 31. Bf4 Bg6 32. Ke3 Bf5 33. Kd4
Nf3+ 34. Bxf3 exf3 35. Rxc7 Rxc7 36. Bxc7 {Time forfeit} 1-0

[Event "Rated Blitz game"]
[Site "?"]
[Date "2021.10.27"]
[Round "?"]
[White "terrorifico"]
[Black "batalla2"]
[Result "0-1"]
[WhiteElo "2433"]
[BlackElo "2455"]
[PlyCount "32"]
[EventDate "2021.??.??"]
[EventType "blitz"]

1. e4 e5 2. Nf3 d5 3. d4 dxe4 4. Nxe5 Bd6 5. Nc3 Bxe5 6. dxe5 Qxd1+ 7. Kxd1 Bf5
8. Be3 Nc6 9. Bb5 O-O-O+ 10. Ke2 Nd4+ 11. Bxd4 Rxd4 12. Rad1 Rxd1 13. Rxd1 Ne7
14. Bc4 Nc6 15. Bxf7 Nxe5 16. Bb3 Bg4+ {Normal} 0-1

[Event "Rated Blitz game"]
[Site "?"]
[Date "2021.10.27"]
[Round "?"]
[White "Neidberg"]
[Black "larsental3"]
[Result "0-1"]
[WhiteElo "2361"]
[BlackElo "2406"]
[PlyCount "140"]
[EventDate "2021.??.??"]
[EventType "blitz"]

1. e4 e5 2. Nf3 d5 3. Nxe5 Bd6 4. d4 dxe4 5. Nc4 Nf6 6. Nxd6+ Qxd6 7. h3 Nc6 8.
Be3 Nd5 9. Qd2 f5 10. c4 Nxe3 11. fxe3 Qg3+ 12. Qf2 Qxf2+ 13. Kxf2 O-O 14. g3
Nb4 15. Nc3 Bd7 16. Rd1 a6 17. a3 Nc6 18. Be2 g5 19. Kg2 f4 20. gxf4 gxf4 21.
exf4 Rxf4 22. Nd5 Rf7 23. Bh5 Rg7+ 24. Kh2 Rf8 25. Rhf1 Rxf1 26. Rxf1 Nxd4 27.
Nf6+ Kh8 28. Nxe4 Re7 29. Ng5 Kg7 30. h4 h6 31. Nf3 Re2+ 32. Kg3 Nxf3 33. Bxf3
Rxb2 34. Bd5 Rb3+ 35. Kh2 Be8 36. Re1 Kf8 37. Re6 h5 38. Rf6+ Kg7 39. Rf3 Rxf3
40. Bxf3 b5 41. cxb5 axb5 42. Kg3 Kf6 43. Kf4 Ke6 44. Ke3 Kd6 45. Kd4 c5+ 46.
Kc3 Ke5 47. Kd3 Kf4 48. Bd1 Kg3 49. Ke4 Kxh4 50. Kd5 c4 51. a4 bxa4 52. Kxc4
Kg3 53. Bxh5 Bxh5 54. Kc3 Kf4 55. Kb2 Ke3 56. Ka1 Kd2 57. Kb2 Bd1 58. Kb1 Kc3
59. Ka1 Kc2 60. Ka2 Kc1 61. Ka1 Bc2 62. Ka2 Bb3+ 63. Ka1 Kd2 64. Kb2 Kd3 65.
Ka1 Kc3 66. Kb1 Kb4 67. Ka1 Ka3 68. Kb1 Bc4 69. Ka1 Ba6 70. Kb1 Bb7 {Time
forfeit} 0-1

[Event "Rated Blitz game"]
[Site "?"]
[Date "2021.10.27"]
[Round "?"]
[White "Ally_Mayfair"]
[Black "larsental3"]
[Result "1-0"]
[WhiteElo "2398"]
[BlackElo "2405"]
[PlyCount "109"]
[EventDate "2021.??.??"]
[EventType "blitz"]

1. e4 e5 2. Nf3 d5 3. Nxe5 Bd6 4. d4 dxe4 5. Nc4 Nf6 6. Nc3 Nc6 7. Bg5 Bf5 8.
Be2 O-O 9. Nd5 Bb4+ 10. c3 Qxd5 11. Bxf6 Bxc3+ 12. bxc3 gxf6 13. O-O Bg6 14.
Ne3 Qd7 15. Bg4 f5 16. Bh5 Ne7 17. f3 Nd5 18. Nxd5 Qxd5 19. fxe4 fxe4 20. Be2
b5 21. Rf6 a6 22. Qf1 Qg5 23. Qf2 c5 24. dxc5 e3 25. Qf3 Qxc5 26. a4 Qxc3 27.
Qf1 bxa4 28. Rxa4 a5 29. h4 Rab8 30. Ra1 h5 31. Qd1 Kg7 32. Rd6 Qe5 33. Rd5 Qg3
34. Bxh5 Qf2+ 35. Kh1 Rb2 36. Rg5 e2 37. Qe1 Qe3 38. Rgxa5 Rd2 39. Rg5 Rfd8 40.
Bxg6 fxg6 41. Ra7+ Kh6 42. Rxg6+ Kxg6 43. Qb1+ Qd3 44. Ra6+ Rd6 45. Qxd3+ R2xd3
46. Rxd6+ Rxd6 47. Kg1 Rd1+ 48. Kh2 e1=Q 49. h5+ Kh6 50. g4 Qf2+ 51. Kh3 Qf3+
52. Kh4 Rd3 53. g5+ Kg7 54. g6 Kg8 55. Kg5 {Time forfeit} 1-0

[Event "Rated Blitz game"]
[Site "?"]
[Date "2021.10.27"]
[Round "?"]
[White "Asala5"]
[Black "GrandeGila"]
[Result "0-1"]
[WhiteElo "2574"]
[BlackElo "2512"]
[PlyCount "44"]
[EventDate "2021.??.??"]
[EventType "blitz"]

1. e4 e5 2. Nf3 d5 3. exd5 e4 4. Nd4 Qxd5 5. c3 Bd6 6. d3 exd3 7. Bxd3 Qxg2 8.
Qe2+ Ne7 9. Rf1 O-O 10. Be3 Nbc6 11. Nxc6 Nxc6 12. Nd2 Ne5 13. Be4 Qh3 14.
O-O-O Bg4 15. f3 Be6 16. Rg1 Ng6 17. Rdf1 Rfe8 18. f4 f5 19. Bg2 Qh6 20. Nc4
Bxf4 21. Bxf4 Nxf4 22. Qe5 Nd3+ {Normal} 0-1

[Event "Rated Blitz game"]
[Site "?"]
[Date "2021.10.27"]
[Round "?"]
[White "Topacchi8la"]
[Black "DOOGE228"]
[Result "0-1"]
[WhiteElo "2405"]
[BlackElo "2432"]
[PlyCount "44"]
[EventDate "2021.??.??"]
[EventType "blitz"]

1. e4 e5 2. Nf3 d5 3. d4 dxe4 4. Nxe5 Bd6 5. Nc4 Nf6 6. Nxd6+ Qxd6 7. Nc3 O-O
8. Be3 Nc6 9. Be2 Rd8 10. d5 Ne5 11. O-O Bf5 12. Nb5 Qe7 13. c4 c6 14. Nd4 Bg6
15. dxc6 bxc6 16. Qa4 c5 17. Nb5 Nd3 18. b3 Qe5 19. Rad1 Nf4 20. Bxf4 Qxf4 21.
Qa5 Rdc8 22. Nc7 Qxc7 {Normal} 0-1

[Event "Rated Blitz game"]
[Site "?"]
[Date "2021.10.27"]
[Round "?"]
[White "Leon_Blanco"]
[Black "Barruch"]
[Result "0-1"]
[WhiteElo "2398"]
[BlackElo "2418"]
[PlyCount "106"]
[EventDate "2021.??.??"]
[EventType "blitz"]

1. e4 e5 2. Nf3 d5 3. Nxe5 dxe4 4. Bc4 Qg5 5. Bxf7+ Ke7 6. d4 Qxg2 7. Qe2 Qxh1+
8. Kd2 Nd7 9. Bb3 Ngf6 10. Nc3 c6 11. Nf7 Rg8 12. Ng5 Kd8 13. Nxh7 Rh8 14. Ng5
Rxh2 15. Ne6+ Ke7 16. d5 Qf3 17. d6+ Kxd6 18. Qc4 Rxf2+ 19. Ne2 Rxe2+ 20. Qxe2
Qxe2+ 21. Kxe2 Be7 22. Bf4+ Ne5 23. Rd1+ Nd5 24. Nxg7 Bg4+ 25. Ke1 Bxd1 26.
Kxd1 Rg8 27. Nf5+ Ke6 28. Nxe7 Rg1+ 29. Ke2 Kxe7 30. c4 Nxf4+ 31. Kf2 Rg2+ 32.
Ke3 Rxb2 33. Kxf4 Rxb3 34. axb3 e3 35. Kxe3 Ke6 36. Kd4 Nd7 37. b4 Kd6 38. c5+
Ke6 39. Kc4 Ke5 40. b5 cxb5+ 41. Kxb5 Nb8 42. c6 Nxc6 43. Kc5 Ke6 44. Kb5 Kd5
45. Ka4 Kc4 46. Ka3 b5 47. Kb2 b4 48. Ka2 Kb5 49. Kb2 Ka4 50. Ka2 b3+ 51. Ka1
Ka3 52. Kb1 b2 53. Kc2 Ka2 {Normal} 0-1

[Event "Rated Blitz game"]
[Site "?"]
[Date "2021.10.27"]
[Round "?"]
[White "markovic5"]
[Black "Mv17"]
[Result "0-1"]
[WhiteElo "2703"]
[BlackElo "2697"]
[PlyCount "172"]
[EventDate "2021.??.??"]
[EventType "blitz"]

1. e4 e5 2. Nf3 d5 3. exd5 e4 4. Qe2 Nf6 5. Nc3 Be7 6. Nxe4 O-O 7. Nxf6+ Bxf6
8. d4 Qxd5 9. Be3 Nc6 10. g3 Bg4 11. Bg2 Nxd4 12. Bxd4 Bxd4 13. O-O Bxb2 14.
Rab1 Bf6 15. h3 Bh5 16. g4 Bg6 17. g5 Bc3 18. Rb3 Qc5 19. Rxb7 Rfe8 20. Qb5
Qxb5 21. Rxb5 Rab8 22. Rc5 Bb4 23. Rxc7 a5 24. Nh4 Rbc8 25. Rxc8 Rxc8 26. Nxg6
hxg6 27. Be4 Rc3 28. Kg2 Ra3 29. Bd5 Rc3 30. Bb3 Kf8 31. Rd1 Be7 32. h4 f6 33.
Rd3 Rxd3 34. cxd3 fxg5 35. hxg5 Bxg5 36. Kf3 Ke7 37. Kg4 Bd2 38. Bd5 Bc3 39.
Be4 Kf6 40. f4 Bd2 41. f5 gxf5+ 42. Bxf5 g5 43. Be4 Ke5 44. a4 Kd4 45. Bc6 Kc5
46. Bb5 Kd5 47. Be8 Kd4 48. Bb5 Kc3 49. Bc4 Kb4 50. Bb5 Be3 51. Be8 Kc5 52. Bb5
Kd5 53. Be8 Ke5 54. Bb5 Kd4 55. Be8 Kxd3 56. Bb5+ Kc3 57. Be8 Kb4 58. Bb5 Bf4
59. Be8 Kc5 60. Bd7 Kd6 61. Bb5 Ke7 62. Be2 Ke6 63. Bd1 Kd5 64. Bc2 Kd4 65. Bd1
Kd3 66. Bf3 Kd4 67. Bc6 Ke5 68. Bb5 Bc1 69. Be8 Kd6 70. Bb5 Ke7 71. Bc6 Ke6 72.
Bb5 Ke5 73. Be2 Kd4 74. Bb5 Kc5 75. Be8 Kd6 76. Bb5 Ke7 77. Bf1 Be3 78. Bb5 Kd6
79. Be2 Bb6 80. Bb5 Bd8 81. Be8 Kc5 82. Bb5 Kb4 83. Kf5 Kb3 84. Bd7 g4 85. Bb5
g3 86. Kg4 g2 {Normal} 0-1